000 00933nam a2200265 i 4500
001 8107
003 BD-RjUL
005 20211208234526.0
008 140116s1976 bg fh b 001 0 eng
035 _a(BD-RjUL)8152
040 _aDLC
_cDLC
_dBD-RjUL
_beng
041 _aeng
082 0 0 _a491.445
_bKHP 1976
_223
100 1 _aKhondkar, Abdur Rahim.
_925274
245 1 4 _aThe Portuguese contribution to Bengali prose, grammar and lexicography /
_cby Abdur Rahim Khondkar.
260 _aDacca :
_bBangla Academy,
_c1976.
300 _axiv, 292 p. :
_bill. ;
_c22 cm.
500 _aOriginally presented as the author's thesis, University of London.
504 _aBibliography: p. 283-292. and index
650 0 _aBengali language
_xGrammar
_xHistory.
_925275
650 0 _aBengali language
_xLexicography
_xHistory.
_925276
650 0 _aBengali language
_xStudy and teaching
_zPortugal.
_925277
942 _2ddc
_cBK
999 _c8107
_d8107